00850nam a2200217 a 450000100100000000500170001000800410002702000150006804000250008324501550010826000210026330000210028449000150030550000730032070000340039370000340042770000280046183000210048995201050051099900170061500004393020201002045041.0140509s1992 sp ac 000 0 spa d a8423977048 aDO-SdBNPbspacBNPHU13aLa Década Socialista :bel ocaso de Felipe González /ccoordinadores, Javier Tusell, Justino Sinova ; colaboradores, Antonio Alemany ... [et al.]. aMadrid :,c1992. a316 p. ;c24 cm.1 aEspasa hoy aIncluye referencias bibliográdicas y notas al pie de las páginas12aTusell, Javier,d1945-97185812aSinova, Justinod1945-97185912aAlemany, Antonio971860 0aEspasa hoy95781 001050718MOaGRbGRcCTd2014-05-09iLF1l0o p43930-10r2020-06-25w2020-06-25y1ZNo se presta c43419d43419